Statistics for What Ed Sheeran song?

Click here to take the quiz!

General Stats

  • This quiz has been taken 567 times
  • The average score is 14 of 21

Answer Stats

Hint Answer % Correct
When your legs don't work like they used to before. And I can't sweep you off of your feetThinking Out Loud
96%
The club isn't the best place to find a lover, so the bar is where I goShape of You
92%
When I was six years old I broke my leg. I was running from my brother and his friendsCastle on the Hill
91%
I'm gonna pick up the pieces, and build a lego house. If things go wrong we can knock it downLego House
87%
White lips, pale face breathing in snowflakes. Burnt lungs, sour tasteA Team
85%
Loving can hurt. Loving can hurt sometimes. But it's the only thing that I knowPhotograph
83%
Oh, misty eyes of the mountains below. Keep careful watch of my brothers' soulsI See Fire
76%
I wanna be drunk when I wake up, on the right side of the wrong bedDrunk
72%
I met this girl late last year. She said, don't you worry if I disappearDon't
71%
You were just a small bump unborn, four months then brought to lifeSmall Bump
71%
Give me love, like her. 'Cause lately I've been waking up aloneGive Me Love
71%
Oh I'm a mess right now, inside out. Searching for the sweet surrender, but this is not the endI'm a Mess
66%
It's late in the evening. Glass on the side. I've been sat with you, for the most of the timeSing
65%
You look so wonderful in your dress. I love your hair like thatTenerife Sea
58%
I've been spinning now for time. Couple women by my side, sipping on red wineBloodstream
57%
Settle down with me. Cover me up. Cuddle me inKIss Me
56%
Now I'm in town, break it down thinking of making a new soundYou need me, I don't need you
55%
Tell me that you turned down the man. Who asked for your hand, 'cause you're waiting for meOne
54%
If we take this bird in, with it's broken leg. We could nurse it, she saidLittle Bird
50%
It's just another night and I'm staring at the moon. I saw a shooting star and thought of youAll of the Stars
44%
I should ink my skin with your name. And take my passport out again and just replace itWake Me Up
42%

Score Distribution

Percentile by Number Answered

Percent of People with Each Score

Your Score History

You have not taken this quiz